000 00598nam a2200181Ia 4500
003 GCL
008 140319s9999 xx 000 0 eng d
040 _aGCL /
_cGCL
082 0 4 _a150.19503
_bH D
100 1 _aHAMILTON, IAN STUART
245 1 0 _aDICTIONARY OF PSYCHOLOGICAL TESTING AND ASSESSMENT AND TREATMENT /
_cHAMILTON, IAN STUART
260 _a[S.N] :
_bJESSICA KINGSLEY PUBLISHERS ،
_c1996
300 _a269 P
650 0 4 _aPSYCHOLOGICAL TESTING - DICTIONARIES
650 0 4 _aPSYCHOLOGICAL ASSESSMENT - DICTIONARY
650 0 4 _aPSYCHOLOGICAL TREATMENT - DICTIONARIES
942 _2ddc
_cBK
999 _c13396
_d13396